| 000 | 00738nam a2200265Ia 4500 | ||
|---|---|---|---|
| 008 | 180523s9999 xx 000 0 und d | ||
| 020 | _a0-470-82210-4 | ||
| 050 | _aMAIN HF 5415.332 | ||
| 050 | _b.A78W66 2007 | ||
| 100 | _aHedrick Wong, Yuwa. | ||
| 245 | 0 | _aSucceeding like success : | |
| 245 | 4 | _bthe affluent consumers of Asia / | |
| 245 | 0 | _cYuwa Hedrick - Wong. | |
| 260 | _aAustralia : | ||
| 260 | _bJohn Wiley & Sons, | ||
| 260 | _c2007 | ||
| 300 | _a178 pages : | ||
| 300 | _bcolored illustrations ; | ||
| 300 | _c21 cm. | ||
| 500 | _aIncludes bibliographical references and index. | ||
| 650 | _aAffluent consumers -- Asia. | ||
| 650 | _aSelling. | ||
| 650 | _xMarketing. | ||
| 650 | _xSales presentations. | ||
| 999 |
_c357085 _d357085 |
||